[Event "IHEM 2004"]
[Site "Hamburg"]
[Date "2004.05.31"]
[Round "4.7"]
[White "Kopylov, Michael"]
[Black "Sawadkuhi, Massoud"]
[Result "1-0"]
[WhiteElo "2433"]
[BlackElo "2254"]
[PlyCount "49"]
[EventDate "2004.??.??"]

1. d4 Nf6 2. c4 c5 3. d5 e5 4. Nc3 d6 5. e4 Be7 6. Bd3 Nbd7 7. g4 Nf8 8. f3 Ng6
9. Nge2 h5 10. g5 Nh7 11. h4 f6 12. f4 exf4 13. Nxf4 Nxf4 14. Bxf4 Bg4 15. Be2
fxg5 16. hxg5 Bxg5 17. Bxg4 hxg4 18. Qxg4 O-O 19. Rxh7 Rxf4 20. Qh5 Bh4+ 21.
Ke2 Rf2+ 22. Kd3 Rf3+ 23. Kc2 Rf2+ 24. Kb3 Qb6+ 25. Nb5 1-0

[Event "IHEM 2004"]
[Site "Hamburg"]
[Date "2004.05.31"]
[Round "4.8"]
[White "Souleidis, Georgios"]
[Black "Schulz, Hans-Juergen"]
[Result "1-0"]
[WhiteElo "2398"]
[BlackElo "2074"]
[PlyCount "45"]
[EventDate "2004.??.??"]

1. e4 e5 2. Nf3 Nc6 3. Bc4 Nf6 4. d3 h6 5. O-O Bc5 6. c3 d5 7. exd5 Nxd5 8. b4
Bb6 9. Bxd5 Qxd5 10. c4 Qd6 11. c5 Bxc5 12. bxc5 Qxc5 13. Ba3 Qd5 14. Nc3 Qa5
15. Qb3 Bd7 16. d4 exd4 17. Rfe1+ Kd8 18. Qxb7 Rc8 19. Nxd4 Qxc3 20. Nxc6+ Qxc6
21. Qxc6 Bxc6 22. Rad1+ Bd7 23. Re7 1-0

[Event "IHEM 2004"]
[Site "Hamburg"]
[Date "2004.05.31"]
[Round "4.9"]
[White "Cording, Harm"]
[Black "Von Buelow, Georg"]
[Result "0-1"]
[WhiteElo "2253"]
[BlackElo "2339"]
[PlyCount "60"]
[EventDate "2004.??.??"]

1. d4 Nf6 2. Nf3 g6 3. c4 Bg7 4. Nc3 O-O 5. e4 d6 6. h3 e5 7. d5 a5 8. Bg5 Qe8
9. g4 Na6 10. Be2 Nd7 11. Rg1 Ndc5 12. h4 f6 13. Be3 Kh8 14. h5 f5 15. hxg6
fxe4 16. Ng5 Qxg6 17. Rh1 h6 18. Qd2 Kg8 19. Ne6 Bxe6 20. dxe6 Nxe6 21. Bxh6
Nac5 22. Nd5 Rae8 23. g5 Nd4 24. Nf6+ Bxf6 25. gxf6 Nd3+ 26. Kf1 Rxf6 27. Bxd3
exd3 28. Rd1 Kf7 29. Qxd3 Rh8 30. Qh3 Nf5 0-1

[Event "IHEM 2004"]
[Site "Hamburg"]
[Date "2004.05.31"]
[Round "4.10"]
[White "Mandelbaum, Peter-Rene"]
[Black "Vandrey, Wolfgang"]
[Result "0-1"]
[WhiteElo "2155"]
[BlackElo "2302"]
[PlyCount "120"]
[EventDate "2004.??.??"]

1. e4 c5 2. Nf3 b6 3. d4 cxd4 4. Nxd4 Bb7 5. Bd3 g6 6. O-O Bg7 7. Be3 a6 8. f4
d6 9. Nd2 Nd7 10. Qe1 Ngf6 11. Qh4 O-O 12. N4f3 e5 13. fxe5 dxe5 14. h3 Qc7 15.
Bh6 Nh5 16. Bxg7 Kxg7 17. Rf2 Nf4 18. Nxe5 Nxh3+ 19. Qxh3 Nxe5 20. Raf1 Rad8
21. Nf3 Qe7 22. Nxe5 Qxe5 23. Bc4 f6 24. Qb3 Qc5 25. Bd3 Rd6 26. Qc4 Qxc4 27.
Bxc4 Rd4 28. Bd3 Bxe4 29. Bxa6 Ra4 30. Bd3 Bxd3 31. cxd3 Rxa2 32. Rc1 f5 33.
Rc6 Rf6 34. Rc7+ Rf7 35. Rc6 Rb7 36. d4 Ra1+ 37. Kh2 Rd1 38. Rd6 Kf7 39. Re2
Rc1 40. Ree6 b5 41. Rb6 Rcc7 42. Rf6+ Kg7 43. Rfc6 Rd7 44. Rd6 Rxd6 45. Rxb7+
Kf6 46. Rxb5 Rxd4 47. Rc5 Rb4 48. Rc2 Kg5 49. Kg3 Rb3+ 50. Kf2 Kg4 51. Rd2 h5
52. Rc2 h4 53. Rd2 g5 54. Rc2 f4 55. Rd2 h3 56. gxh3+ Kxh3 57. Kg1 g4 58. Rc2
g3 59. Rd2 Re3 60. Rd1 f3 0-1

[Event "IHEM 2004"]
[Site "Hamburg"]
[Date "2004.05.31"]
[Round "4.11"]
[White "Hector, Johnny"]
[Black "Zimmermann, Julian"]
[Result "1-0"]
[WhiteElo "2512"]
[BlackElo "2276"]
[PlyCount "97"]
[EventDate "2004.??.??"]

1. e4 c5 2. Nc3 Nc6 3. Nf3 e6 4. d4 cxd4 5. Nxd4 Nf6 6. Nxc6 bxc6 7. e5 Nd5 8.
Ne4 Qc7 9. f4 Qb6 10. c4 Bb4+ 11. Ke2 Ba6 12. Kf3 f5 13. Nf2 Ne7 14. Qa4 Bc5
15. Nd3 Bd4 16. c5 Bxc5 17. Nxc5 Bxf1 18. Be3 Nd5 19. Bd4 Bb5 20. Qd1 Qa5 21.
Nb7 Qa6 22. Nc5 Qa5 23. a4 Ba6 24. b4 Nxb4 25. Qd2 Bc4 26. Rhb1 Rb8 27. Rb2
Bd5+ 28. Kg3 Be4 29. h4 h6 30. Rc1 g5 31. fxg5 f4+ 32. Qxf4 Bf5 33. gxh6 Kf7
34. Kh2 Rbg8 35. Qd2 Qd8 36. Bf2 a5 37. Rd1 d5 38. exd6 Rg4 39. g3 Kg6 40. d7
Nd5 41. Re1 Nf6 42. Rb7 Qa8 43. Qd6 Ne4 44. Rxe4 Rxe4 45. Nxe4 Qxb7 46. Qe7 Qb2
47. Qg5+ Kf7 48. Nd6+ Kf8 49. d8=R# 1-0

[Event "IHEM 2004"]
[Site "Hamburg"]
[Date "2004.05.31"]
[Round "4.12"]
[White "Meyer, Falko"]
[Black "Putzbach, Gerd"]
[Result "1-0"]
[WhiteElo "2368"]
[BlackElo "2268"]
[PlyCount "85"]
[EventDate "2004.??.??"]

1. e4 c5 2. Nf3 e6 3. d3 Nc6 4. Nbd2 g6 5. g3 Bg7 6. Bg2 Nge7 7. O-O d5 8. Re1
b6 9. a4 a5 10. h4 h6 11. c3 Ba6 12. Bf1 O-O 13. Nb1 d4 14. c4 e5 15. Na3 f5
16. Nb5 fxe4 17. Rxe4 Bb7 18. Re1 Qd7 19. Bg2 Rae8 20. Nd2 Nf5 21. Ne4 Nb4 22.
Qe2 Bc6 23. b3 Rf7 24. Rf1 Ref8 25. Bd2 Kh7 26. Kh2 Qe7 27. Kg1 Na6 28. h5 Bxb5
29. axb5 Nc7 30. hxg6+ Kxg6 31. Bf3 Rg8 32. Bh5+ Kh7 33. Bxf7 Qxf7 34. Kg2 Ne6
35. Rh1 Bf8 36. Rh5 Be7 37. Rah1 Rg6 38. Qf3 Neg7 39. Rxh6+ Rxh6 40. Bxh6 Ne6
41. Bg5+ Kg7 42. Bxe7 Nxe7 43. Rh7+ 1-0

[Event "IHEM 2004"]
[Site "Hamburg"]
[Date "2004.05.31"]
[Round "4.13"]
[White "Lindinger, Markus"]
[Black "Guzmann, Enrique"]
[Result "1-0"]
[WhiteElo "2339"]
[BlackElo "2230"]
[PlyCount "65"]
[EventDate "2004.??.??"]

1. d4 c5 2. e4 cxd4 3. Nf3 d6 4. Nxd4 Nf6 5. Nc3 g6 6. Bc4 Bg7 7. h3 O-O 8. Be3
a6 9. O-O b5 10. Bb3 Bb7 11. Re1 Nfd7 12. Bg5 h6 13. Bh4 Nc6 14. Nxc6 Bxc6 15.
Rb1 Rc8 16. Nd5 Bxd5 17. exd5 g5 18. Bg3 Nc5 19. c3 Nxb3 20. axb3 Re8 21. Qd3
Qd7 22. b4 Rc7 23. Ra1 Ra7 24. h4 gxh4 25. Bxh4 e5 26. dxe6 fxe6 27. f4 Qc6 28.
Qg6 Kh8 29. Rxe6 Rg8 30. Qe4 Qd7 31. Re7 Qg4 32. Rxa7 Qxh4 33. Ra8 1-0

[Event "IHEM 2004"]
[Site "Hamburg"]
[Date "2004.05.31"]
[Round "4.14"]
[White "Reddmann, Hauke"]
[Black "Kröncke, Manfred"]
[Result "1/2-1/2"]
[WhiteElo "2338"]
[BlackElo "2190"]
[PlyCount "88"]
[EventDate "2004.??.??"]

1. d4 d5 2. Bf4 Nf6 3. e3 c5 4. dxc5 Nc6 5. Bb5 Qa5+ 6. Nc3 a6 7. Bxc6+ bxc6 8.
Qd4 g6 9. Be5 Bg7 10. Nge2 O-O 11. b4 Qd8 12. Na4 Ne8 13. Bxg7 Nxg7 14. Nb6 Ra7
15. O-O Qc7 16. c4 dxc4 17. Nxc4 Be6 18. Nb6 a5 19. a3 Rd8 20. Qc3 axb4 21.
axb4 Rxa1 22. Rxa1 f6 23. e4 Bf7 24. f3 Ne6 25. g3 h5 26. Kf2 h4 27. Ke3 Kg7
28. Rh1 hxg3 29. hxg3 Rh8 30. Rxh8 Kxh8 31. Qa1 Kg7 32. Qa8 Kh7 33. Kf2 Kg7 34.
f4 Nf8 35. Qc8 Ne6 36. f5 gxf5 37. exf5 Qe5 38. fxe6 Bh5 39. Qf8+ Kxf8 40. Nd7+
Kg7 41. Nxe5 fxe5 42. b5 cxb5 43. c6 Bg4 44. c7 {(=)} b4 1/2-1/2

[Event "IHEM 2004"]
[Site "Hamburg"]
[Date "2004.05.31"]
[Round "4.15"]
[White "Voigt, Martin"]
[Black "Stanke, Juergen"]
[Result "1/2-1/2"]
[WhiteElo "2258"]
[BlackElo "2306"]
[PlyCount "138"]
[EventDate "2004.??.??"]

1. e4 c5 2. Nf3 Nc6 3. d4 cxd4 4. Nxd4 e6 5. Nc3 Qc7 6. Be3 a6 7. Be2 Nf6 8.
O-O d6 9. f4 Be7 10. Qe1 O-O 11. Qg3 Bd7 12. Rae1 b5 13. a3 Rab8 14. Bd3 b4 15.
Nd1 bxa3 16. bxa3 d5 17. Nf2 dxe4 18. Nxe4 Nxe4 19. Bxe4 g6 20. Nxc6 Bxc6 21.
Bxc6 Qxc6 22. f5 exf5 23. Rxf5 Qxc2 24. Ref1 Rb1 25. Rxb1 Qxb1+ 26. Rf1 Qe4 27.
Qf2 Qe5 28. Kh1 Bxa3 29. Bd4 Qe6 30. Bc3 f6 31. Re1 Qc4 32. Qf3 Bb4 33. Bxb4
Qxb4 34. Qd5+ Kg7 35. Rc1 Rf7 36. h3 Re7 37. Qd1 a5 38. Rb1 Qc3 39. Rc1 Qe3 40.
Ra1 Qf2 41. Qd8 Re1+ 42. Rxe1 Qxe1+ 43. Kh2 Qe5+ 44. Kh1 h5 45. Qd7+ Kh6 46.
Qd2+ g5 47. h4 Kg6 48. hxg5 Qxg5 49. Qd3+ Kh6 50. Qd8 Qh4+ 51. Kg1 Qe1+ 52. Kh2
Qe5+ 53. Kh1 h4 54. Qd2+ Kg6 55. Qd3+ Qf5 56. Qd8 h3 57. Qg8+ Kh5 58. g4+ Qxg4
59. Qh7+ Kg5 60. Qg7+ Kf5 61. Qd7+ Kf4 62. Qd2+ Ke4 63. Qe1+ Kd4 64. Qa1+ Ke4
65. Qa4+ Kf5 66. Qd7+ Kf4 67. Qd2+ Ke4 68. Qe1+ Kd3 69. Qg3+ Qxg3 1/2-1/2

[Event "IHEM 2004"]
[Site "Hamburg"]
[Date "2004.05.31"]
[Round "4.16"]
[White "Hess, Christian"]
[Black "Parindra, Amran Mojo Pahit"]
[Result "1/2-1/2"]
[WhiteElo "2305"]
[BlackElo "2032"]
[PlyCount "90"]
[EventDate "2004.??.??"]

1. Nf3 Nf6 2. c4 e6 3. g3 d5 4. Bg2 Nc6 5. O-O Be7 6. d4 O-O 7. Qc2 Nb4 8. Qb3
c5 9. dxc5 Bxc5 10. Nc3 Bd7 11. cxd5 Nbxd5 12. Nxd5 Nxd5 13. Ne5 Bc6 14. Nxc6
bxc6 15. Qc4 Qb6 16. b3 Bd4 17. Rb1 Rac8 18. e3 Bf6 19. Ba3 Rfd8 20. Bc5 Qa5
21. b4 Qa4 22. Rfc1 Nc7 23. Be4 Nb5 24. Qb3 Qa6 25. a4 Nc7 26. b5 cxb5 27. axb5
Qa5 28. Bb7 Rb8 29. Bc6 Nxb5 30. Bxa7 Nxa7 31. Qxb8 Rxb8 32. Rxb8+ Bd8 33. Bf3
Kf8 34. Rd1 Ke7 35. Rbxd8 Qxd8 36. Rxd8 Kxd8 37. Bd1 Nc6 38. Bc2 h6 39. Kg2 Ke7
40. f4 Kd6 41. Kf3 Nb4 42. Bb3 Nd3 43. Bc4 Nc5 44. h4 f5 45. g4 Ne4 1/2-1/2

[Event "IHEM 2004"]
[Site "Hamburg"]
[Date "2004.05.31"]
[Round "4.17"]
[White "Engelbert, Christoph"]
[Black "Limbach, Torsten"]
[Result "1-0"]
[WhiteElo "2213"]
[BlackElo "2079"]
[PlyCount "99"]
[EventDate "2004.??.??"]

1. e4 e6 2. d4 d5 3. Nd2 c5 4. exd5 exd5 5. Ngf3 Bd6 6. Bb5+ Nc6 7. O-O Nge7 8.
dxc5 Bxc5 9. Nb3 Bd6 10. Re1 O-O 11. Bg5 Bg4 12. Bh4 Qb6 13. Bxc6 Nxc6 14. Qxd5
Nb4 15. Qd2 Bxf3 16. gxf3 Qc7 17. Re4 Bxh2+ 18. Kg2 a5 19. c3 Nc6 {(=)} 20. f4
f5 21. Qd5+ Kh8 22. Rc4 Bxf4 23. Nd4 Qe5 24. Qxe5 Nxe5 25. Rc5 Ng6 26. Bg3 Bxg3
27. Kxg3 f4+ 28. Kg2 Ra6 29. Nf3 a4 30. Rb5 Rf7 31. Rd1 Ra8 32. Rb6 Nf8 33. Rd4
h6 34. Rdb4 Re8 35. Rxa4 Kh7 36. Rd4 g5 37. Rdd6 g4 38. Rxh6+ Kg7 39. Nd4 Re1
40. Rh5 g3 41. Nf5+ Rxf5 42. Rxf5 Re7 43. Rxf4 gxf2 44. Kxf2 Ne6 45. Re4 Rf7+
46. Ke2 Nf4+ 47. Kd2 Nd5 48. Rd6 Ne7 49. Rd7 Kf8 50. Rxb7 1-0

[Event "IHEM 2004"]
[Site "Hamburg"]
[Date "2004.05.31"]
[Round "4.18"]
[White "Maahs, Erich"]
[Black "Bergsträßer, Andreas"]
[Result "1-0"]
[WhiteElo "2178"]
[BlackElo "1986"]
[PlyCount "55"]
[EventDate "2004.??.??"]

1. e4 c5 2. Nf3 e6 3. d4 cxd4 4. Nxd4 a6 5. Bd3 Bc5 6. Nb3 Ba7 7. O-O Nc6 8. c4
Nf6 9. Bg5 d6 10. Nc3 O-O 11. Kh1 Ne5 12. f4 Nxd3 13. Qxd3 Qc7 14. Bxf6 gxf6
15. Rad1 Rd8 16. Qg3+ Kf8 17. Qh4 Bd7 18. Qxf6 Qxc4 19. Rf3 Bc6 20. Na5 Qc5 21.
Nxc6 bxc6 22. Rh3 h5 23. b4 Qb6 24. Rxh5 Ke8 25. Rh8+ Kd7 26. Qxf7+ Kc8 27.
Qxe6+ Kb8 28. Qxd6+ 1-0

[Event "IHEM 2004"]
[Site "Hamburg"]
[Date "2004.06.02"]
[Round "5.3"]
[White "Rogozenko, Dorian"]
[Black "Lanka, Zigurds"]
[Result "1/2-1/2"]
[WhiteElo "2531"]
[BlackElo "2461"]
[PlyCount "118"]
[EventDate "2004.??.??"]

1. d4 Nf6 2. c4 g6 3. Nf3 Bg7 4. g3 c5 5. Bg2 O-O 6. O-O cxd4 7. Nxd4 d5 8.
cxd5 Nxd5 9. Nc3 Nxc3 10. bxc3 Nc6 11. Be3 Bd7 12. Nxc6 Bxc6 13. Bxc6 bxc6 14.
Qa4 Qd5 15. Rab1 Bxc3 16. Rfc1 Bf6 17. Rc5 Qe6 18. Rxc6 Qf5 19. Qb5 e5 20. Rbc1
h5 21. Qc4 Bg5 22. Bxg5 Qxg5 23. Rb1 Rad8 24. Rb7 Rd4 {(=)} 25. Qb3 a5 26. Ra7
h4 27. Rxa5 Qd2 28. Qb1 h3 29. Rxg6+ Kh8 30. Qf1 fxg6 31. Qxh3+ Kg7 32. Ra7+
Rf7 33. Rxf7+ Kxf7 34. Qh7+ Kf6 35. Qh8+ Ke6 36. Qg8+ Kd7 37. Qg7+ Kc6 38.
Qxg6+ Kc5 39. Qh5 Rd5 40. Kg2 Qc2 41. Qg4 Kb5 42. Qf3 {(=)} Qxa2 43. h4 Qc4 44.
h5 Rd6 45. g4 Kc5 46. g5 e4 47. Qg4 Qg8 48. g6 Qg7 {(=)} 49. Qxe4 Rd4 50. Qf5+
Kd6 51. e3 Rd1 52. Qg4 Qb7+ 53. e4 Qb1 54. Qf4+ Kc5 55. Qe3+ Kc4 56. Qe2+ Kd4
57. Qe3+ Kc4 58. Qe2+ Kd4 59. Qe3+ Kc4 1/2-1/2

[Event "IHEM 2004"]
[Site "Hamburg"]
[Date "2004.06.02"]
[Round "5.4"]
[White "Haba, Petr"]
[Black "Kopylov, Michael"]
[Result "1/2-1/2"]
[WhiteElo "2513"]
[BlackElo "2433"]
[PlyCount "47"]
[EventDate "2004.??.??"]

1. e4 Nf6 2. e5 Nd5 3. d4 d6 4. Nf3 g6 5. Bc4 c6 6. exd6 Qxd6 7. O-O Bg7 8. h3
O-O 9. Re1 Nd7 10. Nbd2 b5 11. Bb3 Bb7 12. c4 bxc4 13. Nxc4 Qc7 14. Bg5 c5 15.
Rc1 cxd4 16. Ne3 Nc3 17. Nxd4 Bxd4 18. bxc3 Bf6 19. Bh6 Rfd8 20. Nd5 Bxd5 21.
Qxd5 Ne5 22. Qe4 Qc6 23. Qxc6 Nxc6 24. Red1 {(=)} 1/2-1/2

[Event "IHEM 2004"]
[Site "Hamburg"]
[Date "2004.06.02"]
[Round "5.5"]
[White "Rozentalis, Eduardas"]
[Black "Siebrecht, Sebastian"]
[Result "1-0"]
[WhiteElo "2619"]
[BlackElo "2369"]
[PlyCount "95"]
[EventDate "2004.??.??"]

1. e4 c5 2. Nf3 e6 3. c3 Nf6 4. e5 Nd5 5. d4 cxd4 6. cxd4 d6 7. Bc4 Nb6 8. Bd3
dxe5 9. dxe5 Bd7 10. O-O Be7 11. Qe2 Bc6 12. Nc3 N8d7 13. Rd1 O-O 14. Nd4 Bd5
15. Nxd5 Nxd5 16. Nxe6 fxe6 17. Qh5 g6 18. Bxg6 hxg6 19. Qxg6+ Kh8 20. Qh6+ Kg8
21. Qxe6+ Rf7 22. Rxd5 Qb6 23. Qxb6 Nxb6 24. Rb5 Rd8 25. Be3 Nc4 26. e6 Rf6 27.
Rxb7 Rxe6 28. Rxe7 Rxe7 29. Bg5 Red7 30. Bxd8 Rxd8 31. b3 Na3 32. Rc1 Nc2 33.
g4 Rd2 34. Kg2 a5 35. Kg3 Kf7 36. h4 Kf6 37. h5 Nb4 38. a3 Nc2 39. a4 Nb4 40.
Rc3 Rd4 41. Rc5 Rf4 42. Kxf4 Nd3+ 43. Ke4 Nxc5+ 44. Kd5 Nxb3 45. f4 Nd2 46. g5+
Kf7 47. h6 Nf3 48. Kc4 1-0

[Event "IHEM 2004"]
[Site "Hamburg"]
[Date "2004.06.02"]
[Round "5.6"]
[White "Von Buelow, Georg"]
[Black "Handke, Florian"]
[Result "0-1"]
[WhiteElo "2339"]
[BlackElo "2456"]
[PlyCount "74"]
[EventDate "2004.??.??"]

1. e4 c5 2. Nf3 e6 3. d4 cxd4 4. Nxd4 a6 5. Bd3 Bc5 6. Nb3 Be7 7. O-O d6 8. c4
Nf6 9. Nc3 O-O 10. Be3 b6 11. f3 Bb7 12. Qd2 Nc6 13. Be2 Rc8 14. Nd4 Ne5 15. b3
Re8 16. Rfd1 Qc7 17. Rac1 Qb8 18. Bf1 Bd8 19. Kh1 Bc7 20. Qf2 Ng6 21. Nde2 Ba8
22. Ng3 h5 23. Be2 h4 24. Nf1 Bc6 25. b4 Ba8 26. a4 Rcd8 27. c5 bxc5 28. bxc5
d5 29. exd5 exd5 30. Bxa6 d4 31. Rxd4 Rxd4 32. Bxd4 Ng4 33. fxg4 Nf4 34. Ne3 h3
35. Kg1 hxg2 36. Qh4 Qd8 37. Nxg2 Qxd4+ 0-1

[Event "IHEM 2004"]
[Site "Hamburg"]
[Date "2004.06.02"]
[Round "5.7"]
[White "Vandrey, Wolfgang"]
[Black "Souleidis, Georgios"]
[Result "0-1"]
[WhiteElo "2302"]
[BlackElo "2398"]
[PlyCount "106"]
[EventDate "2004.??.??"]

1. d4 Nf6 2. Nf3 e6 3. g3 b5 4. Bg2 Bb7 5. O-O d5 6. Bg5 Nbd7 7. Nbd2 c5 8. c3
Be7 9. a4 b4 10. cxb4 cxb4 11. a5 Rb8 12. Qa4 Ba6 13. Rfe1 Bb5 14. Qb3 O-O 15.
e3 Rc8 16. Bf1 Bxf1 17. Rxf1 h6 18. Bxf6 gxf6 19. Ne1 Qc7 20. Nd3 Qc2 21. Rfd1
Rc4 22. Qxc2 Rxc2 23. Rac1 Rfc8 24. Rxc2 Rxc2 25. Nb3 Bd6 26. Rc1 Rc4 27. Nd2
Rxc1+ 28. Nxc1 Kf8 29. e4 dxe4 30. Nxe4 Bc7 31. Nb3 Ke7 32. Kf1 f5 33. Ned2 Kd6
34. Ke2 Kc6 35. Kd3 Kb5 36. Nc4 Nf6 37. f3 h5 38. Ne5 Bxe5 39. dxe5 Nd7 40. f4
a6 41. h3 Nb8 42. Nd4+ Kc5 43. Nf3 Nc6 44. Ng5 Nxa5 45. Nxf7 Nc4 46. Nd8 Kd5
47. Kc2 Ne3+ 48. Kb3 Nf1 49. Kxb4 Nxg3 50. Nf7 Ne2 51. Ka5 Nxf4 52. Ng5 Nd3 53.
b4 Kxe5 0-1

[Event "IHEM 2004"]
[Site "Hamburg"]
[Date "2004.06.02"]
[Round "5.8"]
[White "Lindinger, Markus"]
[Black "Hector, Johnny"]
[Result "0-1"]
[WhiteElo "2339"]
[BlackElo "2512"]
[PlyCount "80"]
[EventDate "2004.??.??"]

1. d4 d5 2. c4 c6 3. Nf3 Nf6 4. e3 Bf5 5. Nc3 e6 6. Nh4 Be4 7. f3 Bg6 8. Qb3
Qb6 9. Nxg6 hxg6 10. Bd2 Nbd7 11. g3 Be7 12. Kf2 g5 13. Kg2 g4 14. f4 Ng8 15.
f5 Bg5 16. fxe6 fxe6 17. Bd3 Ne7 18. Raf1 Nf6 19. Na4 {(=)} Qxb3 20. axb3 b6
21. Nc3 Kd7 22. Bc1 Rh5 23. Ne2 g6 24. Nf4 Bxf4 25. Rxf4 Nf5 26. Be2 g5 27. Rf2
Rah8 28. Bd3 Ne4 29. Bxe4 dxe4 30. Bd2 c5 31. d5 R8h7 32. Rff1 a5 33. Bc1 R5h6
34. Rd1 Ne7 35. dxe6+ Kxe6 36. Rd8 Nc6 37. Re8+ Re7 38. Rxe7+ Kxe7 39. h3 gxh3+
40. Rxh3 Rxh3 0-1

[Event "IHEM 2004"]
[Site "Hamburg"]
[Date "2004.06.02"]
[Round "5.9"]
[White "Pajeken, Wolfgang"]
[Black "Meyer, Falko"]
[Result "1-0"]
[WhiteElo "2323"]
[BlackElo "2368"]
[PlyCount "85"]
[EventDate "2004.??.??"]

1. d4 b6 2. e4 Bb7 3. Nc3 e6 4. Bd3 g6 5. Nf3 d6 6. Be3 Nd7 7. O-O Bg7 8. Qd2
h6 9. Rad1 Ne7 10. Ne1 a6 11. Ne2 Qb8 12. c3 Qa7 13. a4 Rc8 14. a5 Qa8 15. axb6
Bxe4 16. Bxe4 Qxe4 17. bxc7 Rxc7 18. Ra1 Qb7 19. Nd3 Nb6 20. b3 Nbd5 21. Ra3
O-O 22. Rfa1 Nf5 23. c4 Ndxe3 24. fxe3 h5 25. Ng3 Nxg3 26. hxg3 e5 27. dxe5
dxe5 28. Nb4 e4 29. Rc1 Rd7 30. Nd5 Rfd8 31. Qc2 Qb8 32. Rxa6 Qxg3 33. Qf2 Qg5
34. Rf1 Be5 35. c5 Rc8 36. Nf6+ Bxf6 37. Rxf6 Rxc5 38. Rxf7 Rcc7 39. Rxd7 Rxd7
40. Qf8+ Kh7 41. Rf7+ Rxf7 42. Qxf7+ Kh6 43. Qf4 1-0

[Event "IHEM 2004"]
[Site "Hamburg"]
[Date "2004.06.02"]
[Round "5.10"]
[White "Sawadkuhi, Massoud"]
[Black "Bach, Matthias"]
[Result "1-0"]
[WhiteElo "2254"]
[BlackElo "2351"]
[PlyCount "61"]
[EventDate "2004.??.??"]

1. d4 d5 2. Nc3 g6 3. e4 dxe4 4. Nxe4 Bg7 5. Nf3 Bf5 6. Ng3 Bg4 7. Bc4 e6 8. h3
Bxf3 9. Qxf3 c6 10. Ne4 Nf6 11. Bg5 Nbd7 12. Nd6+ Kf8 13. O-O Nb6 14. Nxb7 Qxd4
15. Bb3 h6 16. Be3 Qe4 17. Qe2 Nbd5 18. Bc5+ Kg8 19. Qd2 Qh4 20. f3 Kh7 21. Bf2
Qf4 22. Qxf4 Nxf4 23. Rfd1 a5 24. Ba4 Rhb8 25. Bxc6 Ra6 26. Bb5 Raa8 27. Nd6
N6d5 28. c4 Nb4 29. c5 Bxb2 30. Rab1 Ne2+ 31. Bxe2 1-0

[Event "IHEM 2004"]
[Site "Hamburg"]
[Date "2004.06.02"]
[Round "5.11"]
[White "Engelbert, Christoph"]
[Black "Reddmann, Hauke"]
[Result "1/2-1/2"]
[WhiteElo "2213"]
[BlackElo "2338"]
[PlyCount "50"]
[EventDate "2004.??.??"]

1. e4 c5 2. c3 Nf6 3. e5 Nd5 4. d4 cxd4 5. cxd4 e6 6. Nf3 Be7 7. Nc3 Nxc3 8.
bxc3 d6 9. Bf4 dxe5 10. Nxe5 Nd7 11. Bd3 O-O 12. O-O Nxe5 13. Bxe5 Bf6 14. Qe2
Bxe5 15. Qxe5 Qf6 16. Qe4 g6 17. a4 Rb8 18. Rfb1 b6 19. a5 Bb7 20. Qe3 Qd8 21.
axb6 axb6 22. Ra3 Qc7 23. Be4 Qd6 24. Rab3 Bxe4 25. Qxe4 Rfc8 1/2-1/2

[Event "IHEM 2004"]
[Site "Hamburg"]
[Date "2004.06.02"]
[Round "5.12"]
[White "Stanke, Juergen"]
[Black "Maahs, Erich"]
[Result "1/2-1/2"]
[WhiteElo "2306"]
[BlackElo "2178"]
[PlyCount "121"]
[EventDate "2004.??.??"]

1. d4 d5 2. c4 dxc4 3. e3 e5 4. Bxc4 exd4 5. exd4 Bd6 6. Nf3 Nf6 7. O-O O-O 8.
Bg5 Nc6 9. h3 Be7 10. Nc3 Bf5 11. Re1 Bg6 12. a3 Rc8 13. d5 Nb8 14. Qd4 a6 15.
Rad1 Nbd7 16. Ba2 Bd6 17. Nh4 Bh5 18. g4 Bg6 19. Nxg6 fxg6 20. b4 h6 21. Bh4 g5
22. Bg3 Re8 23. Bb1 Nf8 24. Bf5 Rb8 25. Qd3 Bxg3 26. Qxg3 Qd6 27. Qxd6 cxd6 28.
Re3 Rxe3 29. fxe3 Re8 30. Kf2 g6 31. Bb1 Rc8 32. Rc1 Kf7 33. Ne2 Rxc1 34. Nxc1
N8d7 35. Nb3 Ne5 36. Na5 b6 37. Nc6 Nfd7 38. Ke2 Kf6 39. a4 h5 40. Bd3 Nxd3 41.
Kxd3 Kf7 42. e4 Ke8 43. Kd4 hxg4 44. hxg4 Nf6 45. e5 Nxg4 46. exd6 Kd7 47. a5
bxa5 48. bxa5 Kxd6 49. Nd8 Nh6 50. Nb7+ Kc7 51. Nc5 g4 52. Nxa6+ Kd6 53. Nb4
Nf7 54. a6 Kc7 55. Ke4 g5 56. Ke3 Nd6 57. Nd3 Kb6 58. Nc5 Kxc5 59. a7 Nc4+ 60.
Kf2 Nb6 61. Kg3 1/2-1/2

[Event "IHEM 2004"]
[Site "Hamburg"]
[Date "2004.06.02"]
[Round "5.13"]
[White "Schulz, Hans-Juergen"]
[Black "Hess, Christian"]
[Result "0-1"]
[WhiteElo "2074"]
[BlackElo "2305"]
[PlyCount "75"]
[EventDate "2004.??.??"]

1. e4 c5 2. b4 cxb4 3. Bb2 Nf6 4. e5 Nd5 5. Nf3 e6 6. a3 Nc6 7. axb4 Bxb4 8. c4
Nde7 9. Nc3 O-O 10. d4 d6 11. exd6 Qxd6 12. Bd3 Rd8 13. Qc2 Ng6 14. O-O Nxd4
15. Nxd4 Qxd4 16. Rfd1 Qh4 17. g3 Qe7 18. h4 f5 19. Re1 Qc5 20. Na4 Qc7 21. h5
Bxe1 22. Rxe1 b5 23. hxg6 bxa4 24. gxh7+ Kxh7 25. g4 Qf4 26. Re3 a3 27. Bxa3
Qxg4+ 28. Rg3 Qh5 29. Bb2 Rd7 30. Qc3 Qf7 31. Qe5 Bb7 32. Rh3+ Kg8 33. Qh2 Qg6+
34. Rg3 Rxd3 35. f3 Rd1+ 36. Kg2 Rd2+ 37. Kg1 Rxh2 38. Rxg6 0-1

[Event "IHEM 2004"]
[Site "Hamburg"]
[Date "2004.06.02"]
[Round "5.14"]
[White "Kröncke, Manfred"]
[Black "Voigt, Martin"]
[Result "0-1"]
[WhiteElo "2190"]
[BlackElo "2258"]
[PlyCount "54"]
[EventDate "2004.??.??"]

1. e4 c5 2. Nf3 e6 3. b3 b6 4. Bb2 Bb7 5. Qe2 Nf6 6. d3 Be7 7. g3 d5 8. exd5
Qxd5 9. Bg2 Nc6 10. Nbd2 Nd4 11. Qd1 O-O 12. O-O Rfd8 13. Ne1 Qd7 14. Bxb7 Qxb7
15. c3 Nc6 16. Qe2 Rd7 17. Ndf3 Nd5 18. d4 cxd4 19. Nxd4 Nxc3 20. Bxc3 Nxd4 21.
Bxd4 Rxd4 22. Rc1 Rad8 23. Nf3 Rd3 24. Ne5 Rd2 25. Qb5 Bf6 26. Qc6 Qa8 27. Ng4
Qxc6 0-1

[Event "IHEM 2004"]
[Site "Hamburg"]
[Date "2004.06.02"]
[Round "5.15"]
[White "Parindra, Amran Mojo Pahit"]
[Black "Cording, Harm"]
[Result "0-1"]
[WhiteElo "2032"]
[BlackElo "2253"]
[PlyCount "58"]
[EventDate "2004.??.??"]

1. Nf3 d5 2. d4 c6 3. Bf4 Bf5 4. e3 e6 5. Be2 Bd6 6. Bg3 Nf6 7. Nbd2 O-O 8.
Bxd6 Qxd6 9. Nh4 Be4 10. f3 Bg6 11. Nxg6 hxg6 12. f4 c5 13. c3 Nc6 14. O-O Ne7
15. g4 g5 16. fxg5 Nd7 17. Qe1 e5 18. Qg3 Qb6 19. Nf3 Qxb2 20. Rae1 Ng6 21. Nh4
cxd4 22. cxd4 exd4 23. Nxg6 fxg6 24. Qd6 dxe3 25. Qxd5+ Kh7 26. Qxd7 Rxf1+ 27.
Kxf1 Rf8+ 28. Kg1 Rf2 29. Qd3 Qe5 0-1

[Event "IHEM 2004"]
[Site "Hamburg"]
[Date "2004.06.02"]
[Round "5.16"]
[White "Zimmermann, Julian"]
[Black "Mandelbaum, Peter-Rene"]
[Result "1-0"]
[WhiteElo "2276"]
[BlackElo "2155"]
[PlyCount "77"]
[EventDate "2004.??.??"]

1. e4 c6 2. Nc3 d5 3. f4 dxe4 4. Nxe4 Nf6 5. Nf2 h5 6. Nf3 Bg4 7. Nxg4 hxg4 8.
Ne5 g3 9. h3 Qd4 10. Qf3 Qe4+ 11. Qxe4 Nxe4 12. Bc4 e6 13. Ke2 Nd7 14. d4 Ndf6
15. Kf3 b5 16. Be2 Rc8 17. a4 b4 18. Re1 Nd6 19. Bd3 Be7 20. Kxg3 Nh5+ 21. Kf3
Bh4 22. Re3 Ng3 23. Ba6 Rc7 24. Rb3 g5 25. Rxb4 O-O 26. Be3 Ngf5 27. Bg1 gxf4
28. Bd3 Kh7 29. d5 cxd5 30. g4 fxg3 31. Rxh4+ Kg7 32. Rg4+ Kf6 33. Re1 Rh8 34.
Be3 Nxe3 35. Rxe3 Rxh3 36. Rxg3 Rxg3+ 37. Kxg3 Nf5+ 38. Bxf5 exf5 39. c3 1-0

[Event "IHEM 2004"]
[Site "Hamburg"]
[Date "2004.06.02"]
[Round "5.17"]
[White "Putzbach, Gerd"]
[Black "Bergsträßer, Andreas"]
[Result "1-0"]
[WhiteElo "2268"]
[BlackElo "1986"]
[PlyCount "63"]
[EventDate "2004.??.??"]

1. e4 c5 2. Nf3 Nc6 3. d4 cxd4 4. Nxd4 Nf6 5. Nc3 e5 6. Ndb5 d6 7. Bg5 a6 8.
Na3 b5 9. Bxf6 gxf6 10. Nd5 f5 11. Bd3 Be6 12. c3 Bg7 13. Nc2 O-O 14. O-O fxe4
15. Bxe4 f5 16. Nf4 exf4 17. Bxc6 Ra7 18. Bd5 Bf7 19. Nb4 Qd7 20. Re1 Kh8 21.
Bxf7 Rxf7 22. Nd3 a5 23. a3 Rc7 24. Qf3 a4 25. Rad1 Rc4 26. Nxf4 Bh6 27. Nd5
Rg4 28. g3 f4 29. Re7 Rxe7 30. Nxe7 Bf8 31. Nd5 Bh6 32. Nf6 1-0